| 000 | 01268nam2a22002411 4500 | ||
|---|---|---|---|
| 001 | rc\4457619 | ||
| 005 | 20250612090816.0 | ||
| 021 |
_aRU _b[57-47842] |
||
| 035 | _a(NLR Aleph) 008590700 | ||
| 090 |
_a8641915 _c8641915 |
||
| 100 | _a20130416d1957 |||y0rusy50 ca | ||
| 101 | 0 | _arus | |
| 102 | _aRU | ||
| 105 | _ay z ||||| | ||
| 200 | 0 | _a1 | |
| 210 |
_d1957 _aБ. м. |
||
| 215 | _a223 с. | ||
| 461 | 0 |
_1001rc\4457618 _12001#$aТезисы докладов$e1-$fАкад. наук СССР. Всесоюз. энтомол. о-во и Груз. отд-ние о-ва. Третье совещание Всесоюз. энтомол. о-ва. Тбилиси. 4-9 окт. 1957 г.$v1 _98641910 _aВсесоюзное энтомологическое общество (Ленинград). Совещание (3 ; 1957 ; Тбилиси) _cМосква _d1957 _fАкад. наук СССР. Всесоюз. энтомол. о-во и Груз. отд-ние о-ва. Третье совещание Всесоюз. энтомол. о-ва. Тбилиси. 4-9 окт. 1957 г. _nИзд-во Акад. наук СССР _o1- _tТезисы докладов _v1 |
|
| 801 | 0 |
_aRU _bNLR _gpsbo |
|
| 801 | 1 |
_aRU _bELAR _2rusmarc |
|
| 852 |
_aNLR _j57-5/3329 |
||
| 942 | _cBOOK | ||
| 980 | _aNB | ||